003790000a2200073000450024500470000030000500004752001590009777300490025610aAlta velocidad para la academia colombiana aVol.0, núm.4 (marzo-mayo, 2005), Página 5 aEn 2005 la comunidad académica, investigativa y científica del país accede a redes avanzadas. Ello le permite conectarse con sus pares en el mundo.0 tEducación superior : Boletín informativo